000 00583nam a2200217 a 4500
003 0
005 20170425151337.0
008 001116s19uu xx 00 eng d
020 _a0-89565-276-5
050 _aTR(PS E
_bM74 1984
100 _aMoncure, Jane Belk
245 _aMy "u" book /
_cJane Belk Moncure ; illustrated by Pam Peltier.
260 _aElgin, Ill :
_bWorld,
_c1984.
300 _a31 p. ; ill.
440 _aMy First Steps to Reading
500 _aMy first steps to reading
650 _aReading
650 _aAlphabet
942 _2ddc
_cBK
999 _c102674
_d102674